All Scotland Gold Players - FIFA 22 - Statistics

General Stats
  • This quiz has been taken 96 times
  • The average score is 7 of 18
Answer Stats
Team and Rating Player % Correct
1. Liverpool - 87 Andy Robertson
100%
2 = Arsenal - 80 Kieran Tierney
74%
2 = Man. Utd - 80 Scott McTominay
73%
4. Aston Villa - 78 John McGin
60%
7. Southampton- 76 Che Adams
44%
5 = Rangers - 77 Allan McGregor
42%
8 = Celtic - 75 Callum McGregor
42%
5 = Southampton - 77 Stuart Armstrong
38%
8 = Norwich - 75 Grant Hanley
26%
8 = Leeds. Utd - 75 Liam Cooper
25%
8 = Newcastle - 75 Ryan Fraser
25%
8 = Crystal Palace - 75 James McArthur
22%
8 = Fulham - 75 Tom Cairney
22%
8 = Sheff. Utd - 75 John Fleck
20%
8 = Sporting Kansas City - 75 Johnny Russell
19%
8 = Rangers - 75 Ryan Jack
19%
8 = Vancouver Whitecaps - 75 Ryan Gauld
15%
8 = Celtic - 75 James Forrest
14%
No matching quizzes found
Score Distribution
Percent of People with Each Score
Percentile by Number Answered
Your Score History
You have not taken this quiz